| 000 | 04136cas a2200853 a 4500 | ||
|---|---|---|---|
| 001 | 11401291 | ||
| 003 | OSt | ||
| 005 | 20230606144858.0 | ||
| 008 | 920514c19899999nyuar s i0 a0eng c | ||
| 010 | _a 92641078 | ||
| 016 | 7 |
_a9426587 _2DNLM |
|
| 016 | 7 |
_aSR0075196 _2DNLM |
|
| 016 | _a(AMICUS)000011652410 | ||
| 022 | _y0253-9403 | ||
| 035 | _a(OCoLC)ocm25815895 | ||
| 040 |
_aCFI _beng _cCFI _dDLC _dNST _dCOO _dHUL _dNLM _dOCLCQ _dDLC _dNLM _dNYDRD _dCUV _dOCLCQ _dMYG _dOCLCQ _dFUG _dCGU _dOCLCF _dCUV _dOCLCQ _dNLC _dOCLCO _dOCLCA _dOCLCQ _dOCLCA _dCEF _dOCLCQ _dIUL |
||
| 041 | 0 |
_aeng _afre _aspa |
|
| 042 | _apcc | ||
| 050 | 0 | 0 |
_aHD9665.1 _b.S75 |
| 060 | 0 | 0 |
_aW2 MU5 _bC5s |
| 082 | 0 | 0 |
_a613.33 _bINCB |
| 245 | 0 | 0 |
_aPsychotropic substances _bSubstances psychotropes, statistiques pour ... = Sustancias sicotrópicas, estadísticas para ... / _cInternational Narcotics Control Board. |
| 246 | 3 | 1 | _aSubstances psychotropes, statistiques pour ... |
| 246 | 3 | 1 | _aSustancias sicotrópicas, estadísticas para ... |
| 260 |
_aNew York : _bUnited Nations, _c2006 |
||
| 300 |
_avolumes : _billustrations ; _c30 cm |
||
| 310 | _aAnnual | ||
| 336 |
_atext _btxt _2rdacontent |
||
| 337 |
_aunmediated _bn _2rdamedia |
||
| 338 |
_avolume _bnc _2rdacarrier |
||
| 362 | 0 | _a2007 | |
| 500 | _a"Assessments of annual medical and scientific requirements for substances in Schedules II, III and IV of the Convention on Psychotropic Substances of 1971" (varies slightly). | ||
| 500 | _a"E/INCB." | ||
| 515 | _aStatistics for 1997- also bear the publication year (usually the following year) of this and other reports published by the International Narcotics Control Board. | ||
| 525 | _aWith 2012, accompanied by CD-Rom containing annexes and contents of print publication. | ||
| 546 | _aText in English, French, and Spanish. | ||
| 580 | _aSupplements: International Narcotics Control Board. Report of the International Narcotics Control Board for ... | ||
| 580 | _aWith vol. for 2012, structure of print publication modified reducing the size of the volume; some contents reorganized and moved to annexes. Annexes are published on the CD-Rom only. | ||
| 588 | 0 | _a1989. | |
| 588 | 1 | _a2012. | |
| 590 | _aSERBIB/SERLOC merged record | ||
| 650 | 0 |
_aPharmaceutical industry _vStatistics _vPeriodicals. |
|
| 650 | 0 |
_aPsychotropic drugs _vStatistics _vPeriodicals. |
|
| 650 | 0 |
_aPharmaceutical policy _vStatistics _vPeriodicals. |
|
| 650 | 0 |
_aDrug control _vStatistics _vPeriodicals. |
|
| 650 | 1 | 2 | _aPsychotropic Drugs. |
| 650 | 1 | 2 | _aDrug Industry. |
| 650 | 7 |
_aDrug control. _2fast _0(OCoLC)fst01032891 |
|
| 650 | 7 |
_aPharmaceutical industry. _2fast _0(OCoLC)fst01060129 |
|
| 650 | 7 |
_aPharmaceutical policy. _2fast _0(OCoLC)fst01060194 |
|
| 650 | 7 |
_aPsychotropic drugs. _2fast _0(OCoLC)fst01081826 |
|
| 650 | 1 | 7 |
_aDRUG REQUIREMENTS. _2unbist |
| 650 | 1 | 7 |
_aPSYCHOTROPIC SUBSTANCES. _2unbist |
| 650 | 1 | 7 |
_aDRUG STATISTICS. _2unbist |
| 650 | 2 | 7 |
_aSTATISTICAL DATA. _2unbist |
| 650 | 6 |
_aIndustrie pharmaceutique _xStatistiques _xPériodiques. |
|
| 650 | 6 |
_aPsychotropes _xStatistiques _xPériodiques. |
|
| 650 | 6 |
_aMédicaments _xPolitique gouvernementale _xStatistiques _xPériodiques. |
|
| 650 | 6 |
_aLutte antidrogue _vStatistiques _vPériodiques. |
|
| 653 |
_aPsychotropic substances -- _aStatistics |
||
| 653 |
_aDrug control -- _aUnited Nations -- _aStatistics |
||
| 655 | 2 | _aStatistics. | |
| 655 | 7 |
_aPeriodicals. _2fast _0(OCoLC)fst01411641 |
|
| 655 | 7 |
_aStatistics. _2fast _0(OCoLC)fst01423727 |
|
| 710 | 2 | _aInternational Narcotics Control Board. | |
| 776 | 0 | 8 |
_iOnline version: _tPsychotropic substances, statistics for ... _w(DLC) 2005267512 _w(OCoLC)56403957 |
| 776 | 0 | 8 |
_iCD-Rom version: _tPsychotropic substances _w(OCoLC)859615517 |
| 780 | 0 | 0 |
_tStatistics on psychotropic substances for . _x0253-9403 _w(DLC) 84641097 _w(OCoLC)6287755 |
| 787 | 1 |
_aInternational Narcotics Control Board. _tReport of the International Narcotics Control Board for . _x0257-3717 _w(DLC) 77612794 _w(OCoLC)1182700 |
|
| 906 |
_a7 _bcbc _cserials _d2 _encip _f19 _gn-oclcserc |
||
| 942 |
_2ddc _cBK |
||
| 999 |
_c700 _d700 |
||